|
|
|
|
| LEADER |
00000nam0a2200000 4500 |
| 001 |
90199 |
| 005 |
20231101213712.0 |
| 035 |
|
|
|a (RuTPU)RU\TPU\book\96737
|
| 090 |
|
|
|a 90199
|
| 100 |
|
|
|a 20060207d1973 km y0rusy50 ca
|
| 101 |
0 |
|
|a rus
|
| 102 |
|
|
|a RU
|
| 105 |
|
|
|a a z 001zy
|
| 200 |
1 |
|
|a Нефтегазоносность Западной Якутии
|f Сибирское отделение АН СССР; Институт геологии Якутского филиала; под ред. Н. В. Черского
|
| 210 |
|
|
|a Новосибирск
|c Наука
|d 1973
|
| 215 |
|
|
|a 175 с.
|c ил.
|
| 320 |
|
|
|a Библиогр.: с. 161-168.
|
| 610 |
1 |
|
|a нефтеносные районы
|
| 610 |
1 |
|
|a газоносные районы
|
| 610 |
1 |
|
|a стратиграфия
|
| 610 |
1 |
|
|a разведка
|
| 610 |
1 |
|
|a геохимические характеристики
|
| 610 |
1 |
|
|a битумоиды
|
| 610 |
1 |
|
|a конденсаты
|
| 610 |
1 |
|
|a нефть
|
| 610 |
1 |
|
|a газ
|
| 675 |
|
|
|a 553.98
|v 3
|
| 702 |
|
1 |
|a Черский
|b Н. В.
|g Николай Васильевич
|4 340
|
| 712 |
0 |
2 |
|a Академия наук СССР
|b Сибирское отделение
|b Якутский филиал
|b Институт геологии
|c (Якутск)
|2 stltpush
|3 (RuTPU)RU\TPU\col\8181
|9 24491
|
| 801 |
|
1 |
|a RU
|b 63413507
|c 20060207
|g PSBO
|
| 801 |
|
2 |
|a RU
|b 63413507
|c 20170418
|g PSBO
|
| 942 |
|
|
|c BK
|